[Event "SVK-chT2B 2223"]
[Site "Slovakia"]
[Date "2023.02.11"]
[Round "8.2"]
[White "Chovanec, Milan"]
[Black "Gulbis, Adrian"]
[Result "1/2-1/2"]
[WhiteElo "2062"]
[BlackElo "2057"]
[PlyCount "133"]
[EventDate "2022.10.08"]
[EventType "team-tourn"]
[EventRounds "11"]
[EventCountry "SVK"]
[SourceTitle "EXT 2024"]
[Source "ChessBase"]
[SourceDate "2023.10.10"]
[SourceVersion "1"]
[SourceVersionDate "2023.10.10"]
[SourceQuality "1"]
[WhiteTeam "Povazske Podhradie"]
[BlackTeam "Surany"]
[WhiteTeamCountry "SVK"]
[BlackTeamCountry "SVK"]

1. e4 e5 2. Nf3 Nc6 3. Bc4 Bc5 4. b4 Bxb4 5. c3 Be7 6. d4 Na5 7. Bd3 exd4 8. cxd4 d5 9. Qa4+ Nc6 10. exd5 Qxd5 11. 0-0 Nf6 12. Nc3 Qa5 13. Qxa5 Nxa5 14. Re1 c6 15. Bd2 b6 16. Ne4 0-0 17. Rac1 Nxe4 18. Bxe4 Ba3 19. Rc2 Ba6 20. Bxa5 bxa5 21. Rxc6 Bb5 22. Rc7 Rac8 23. Rxa7 Bb4 24. Rb1 Rc3 25. h3 Rd8 26. Bd5 Be8 27. Bb3 Rdc8 28. Ne5 R3c7 29. Rxc7 Rxc7 30. Nd3 Ba3 31. Re1 Bb5 32. Nc5 Bxc5 33. dxc5 Rxc5 34. Re7 Rf5 35. Ra7 Be8 36. Ra8 Kf8 37. Ba4 Re5 38. Bxe8 Rxe8 39. Rxa5 Re1+ 40. Kh2 Ra1 41. Ra7 g6 42. Kg3 Kg7 43. h4 h5 44. Kf3 Rc1 45. g3 Kf6 46. a4 Rc2 47. a5 Ra2 48. a6 Kg7 49. Ra8 Kf6 50. Ke3 Ke6 51. Kd4 Kd6 52. a7 Ke7 53. Kc5 Rc2+ 54. Kb4 Ra2 55. f3 Kf6 56. g4 hxg4 57. fxg4 Kg7 58. h5 gxh5 59. gxh5 Ra1 60. h6+ Kh7 61. Kc5 Rc1+ 62. Kd5 Rd1+ 63. Ke5 Re1+ 64. Kf6 Rf1+ 65. Ke7 Re1+ 66. Kf8 Ra1 67. Kxf7 1/2-1/2

[Event "SVK-chT2B 2223"]
[Site "Slovakia"]
[Date "2023.01.15"]
[Round "7.2"]
[White "Gulbis, Adrian"]
[Black "Molnar, Erno"]
[Result "1/2-1/2"]
[WhiteElo "2057"]
[BlackElo "2234"]
[PlyCount "139"]
[EventDate "2022.10.08"]
[EventType "team-tourn"]
[EventRounds "11"]
[EventCountry "SVK"]
[SourceTitle "EXT 2024"]
[Source "ChessBase"]
[SourceDate "2023.10.10"]
[SourceVersion "1"]
[SourceVersionDate "2023.10.10"]
[SourceQuality "1"]
[WhiteTeam "Surany"]
[BlackTeam "Komarno II"]
[WhiteTeamCountry "SVK"]
[BlackTeamCountry "SVK"]

1. e4 e5 2. Nf3 Nc6 3. Bc4 Bc5 4. d3 Nf6 5. Nc3 d6 6. a3 h6 7. h3 a6 8. Qe2 Be6 9. Nd5 Qd7 10. Be3 Bxe3 11. Qxe3 Bxd5 12. Bxd5 Nxd5 13. exd5 Ne7 14. c4 0-0 15. 0-0 b5 16. b4 Rfb8 17. Rfe1 a5 18. Qd2 Rb7 19. bxa5 bxc4 20. dxc4 Qa4 21. Rab1 Rxb1 22. Rxb1 Qxc4 23. Rc1 Qb5 24. a4 Qxa5 25. Qxa5 Rxa5 26. Rxc7 Kf8 27. Rd7 Nf5 28. g4 Ke8 29. Rb7 Nd4 30. Rb8+ Ke7 31. Rb7+ Kf6 32. Nxd4 exd4 33. Rd7 Rxd5 34. Kf1 Ke6 35. Rb7 Ra5 36. Rb4 Kd5 37. Ke2 Kc5 38. Rb7 f6 39. Rxg7 Rxa4 40. Rg6 Ra2+ 41. Kd3 Rxf2 42. Rxh6 Rf3+ 43. Ke2 Re3+ 44. Kd2 Rg3 45. Rxf6 Rxh3 46. Rf8 Rg3 47. Rg8 Rg2+ 48. Kd3 Rg3+ 49. Kd2 Kc4 50. Rc8+ Kd5 51. Rg8 Ke4 52. Re8+ Kf4 53. Rf8+ Ke4 54. Re8+ Kd5 55. Rg8 d3 56. Rd8 Rxg4 57. Kxd3 Rg3+ 58. Kd2 Ke5 59. Ke2 d5 60. Rh8 Kd4 61. Kd2 Rg2+ 62. Kd1 Kc4 63. Rh3 d4 64. Rf3 Ra2 65. Rh3 Ra1+ 66. Kd2 Ra8 67. Rg3 Rh8 68. Rf3 Rh2+ 69. Kd1 d3 70. Rf8 1/2-1/2

[Event "SVK-chT2B 2223"]
[Site "Slovakia"]
[Date "2022.11.27"]
[Round "6.2"]
[White "Domany, Zsofia"]
[Black "Gulbis, Adrian"]
[Result "0-1"]
[WhiteElo "2175"]
[BlackElo "2044"]
[PlyCount "78"]
[EventDate "2022.10.08"]
[EventType "team-tourn"]
[EventRounds "11"]
[EventCountry "SVK"]
[SourceTitle "EXT 2024"]
[Source "ChessBase"]
[SourceDate "2023.10.10"]
[SourceVersion "1"]
[SourceVersionDate "2023.10.10"]
[SourceQuality "1"]
[WhiteTeam "Batorove Kosihy"]
[BlackTeam "Surany"]
[WhiteTeamCountry "SVK"]
[BlackTeamCountry "SVK"]

1. e4 e5 2. Nf3 Nc6 3. Bc4 Bc5 4. c3 Qe7 5. 0-0 d6 6. d4 Bb6 7. h3 h6 8. Re1 g5 9. d5 Nb8 10. a4 a5 11. Be3 Bxe3 12. Rxe3 h5 13. Nh2 Nf6 14. Be2 Nbd7 15. Nd2 Nf8 16. b4 Ng6 17. Ndf1 Nf4 18. Bb5+ Kd8 19. Ra2 Rg8 20. c4 axb4 21. Nd2 b6 22. Ra1 Nd7 23. a5 bxa5 24. Nb3 g4 25. hxg4 hxg4 26. Rxa5 Rxa5 27. Nxa5 Nb8 28. g3 Nh3+ 29. Kf1 Qf6 30. Qe1 Rh8 31. Kg2 Ng5 32. Qg1 Qh6 33. f4 Qh3+ 34. Kf2 Qxh2+ 35. Qxh2 Rxh2+ 36. Kg1 Ra2 37. fxg5 Rxa5 38. Rb3 Bd7 39. Rxb4 Bxb5 0-1

[Event "SVK-chT2B 2223"]
[Site "Slovakia"]
[Date "2022.11.13"]
[Round "4.2"]
[White "Gulbis, Adrian"]
[Black "Kalisky, Vladimir"]
[Result "1/2-1/2"]
[WhiteElo "2046"]
[BlackElo "2116"]
[PlyCount "156"]
[EventDate "2022.10.08"]
[EventType "team-tourn"]
[EventRounds "11"]
[EventCountry "SVK"]
[SourceTitle "EXT 2024"]
[Source "ChessBase"]
[SourceDate "2023.10.10"]
[SourceVersion "1"]
[SourceVersionDate "2023.10.10"]
[SourceQuality "1"]
[WhiteTeam "Surany"]
[BlackTeam "Tlmace"]
[WhiteTeamCountry "SVK"]
[BlackTeamCountry "SVK"]

1. e4 e5 2. Nf3 Nc6 3. d4 exd4 4. Bc4 Nf6 5. 0-0 Nxe4 6. Re1 d5 7. Bxd5 Qxd5 8. Nc3 Qd8 9. Rxe4+ Be7 10. Nb5 Bf5 11. Re1 d3 12. cxd3 a6 13. Nc3 0-0 14. Bf4 Nb4 15. Ne5 Bd6 16. a3 Nxd3 17. Nxd3 Bxd3 18. Bxd6 Qxd6 19. Re3 Rad8 20. Qb3 Qc6 21. Rae1 b5 22. h3 h6 23. Ne4 Bc4 24. Qc3 f5 25. Nd2 Bd5 26. Qxc6 Bxc6 27. Nb3 Rde8 28. Rxe8 Rxe8 29. Rc1 Bd5 30. Nd4 g6 31. Rxc7 Re1+ 32. Kh2 Rd1 33. Ne2 Rd2 34. Nf4 Bf7 35. Rc6 g5 36. Ne6 Rxf2 37. b4 Re2 38. Nd4 Rd2 39. Nxf5 Bc4 40. Nxh6+ Kh7 41. Ng4 Kg7 42. Ne5 g4 43. Nxc4 bxc4 44. h4 Ra2 45. Rxc4 Rxa3 46. Rxg4+ Kh6 47. g3 Ra1 48. Rg5 Ra4 49. Ra5 Rxb4 50. Rxa6+ Kh5 51. Ra5+ Kh6 52. Kh3 Rc4 53. Ra6+ Kh7 54. h5 Rb4 55. g4 Rc4 56. Kh4 Rc5 57. Ra7+ Kh8 58. h6 Rb5 59. g5 Rc5 60. Kh5 Rb5 61. Ra6 Kh7 62. Rc6 Ra5 63. Rc7+ Kg8 64. Re7 Rb5 65. Kg6 Rb6+ 66. Kf5 Rb1 67. g6 Rf1+ 68. Ke6 Re1+ 69. Kd7 Rd1+ 70. Ke8 Rd6 71. Rg7+ Kh8 72. Rh7+ Kg8 73. Rg7+ Kh8 74. Kf7 Rd7+ 75. Kf6 Rd6+ 76. Ke7 Rd7+ 77. Kf6 Rd6+ 78. Ke5 Rd5+ 1/2-1/2

[Event "SVK-chT2B 2223"]
[Site "Slovakia"]
[Date "2022.11.12"]
[Round "3.2"]
[White "Lecky, Juraj"]
[Black "Gulbis, Adrian"]
[Result "1-0"]
[WhiteElo "2070"]
[BlackElo "2046"]
[PlyCount "79"]
[EventDate "2022.10.08"]
[EventType "team-tourn"]
[EventRounds "11"]
[EventCountry "SVK"]
[SourceTitle "EXT 2024"]
[Source "ChessBase"]
[SourceDate "2023.10.10"]
[SourceVersion "1"]
[SourceVersionDate "2023.10.10"]
[SourceQuality "1"]
[WhiteTeam "Levice II"]
[BlackTeam "Surany"]
[WhiteTeamCountry "SVK"]
[BlackTeamCountry "SVK"]

1. d4 d5 2. c4 c6 3. Nc3 Nf6 4. e3 e6 5. Nf3 Nbd7 6. Be2 Bd6 7. 0-0 0-0 8. b3 a6 9. h3 Qe7 10. Bb2 b5 11. cxb5 cxb5 12. Bd3 Bb7 13. Rc1 e5 14. dxe5 Nxe5 15. Be2 Nxf3+ 16. Bxf3 Qe5 17. g3 Qe6 18. Bg2 Rad8 19. Ne2 Rfe8 20. Nd4 Qe5 21. Qf3 Ne4 22. Rc2 Qg5 23. Nf5 Bb8 24. Nxg7 Re7 25. Nf5 Ree8 26. Qg4 Qxg4 27. hxg4 Bc8 28. Rfc1 Bd7 29. Rd1 h5 30. Nh6+ Kh7 31. Nxf7 Rc8 32. Bxe4+ dxe4 33. Rxc8 Bxc8 34. gxh5 Bg4 35. Rd5 Rc8 36. Ng5+ Kh6 37. Nf7+ Kh7 38. Rg5 Rg8 39. Rxg8 Kxg8 40. Nh6+ 1-0

[Event "SVK-chT 2223"]
[Site "Slovakia"]
[Date "2022.10.22"]
[Round "1.5"]
[White "Straka, Jozef1111"]
[Black "Gulbis, Adrian"]
[Result "1-0"]
[WhiteElo "2322"]
[BlackElo "2057"]
[PlyCount "87"]
[EventDate "2022.10.22"]
[EventType "team-tourn"]
[EventRounds "11"]
[EventCountry "SVK"]
[SourceTitle "EXT 2024"]
[Source "ChessBase"]
[SourceDate "2023.10.10"]
[SourceVersion "1"]
[SourceVersionDate "2023.10.10"]
[SourceQuality "1"]
[WhiteTeam "Zilina Mladost"]
[BlackTeam "Podhajska Aquamarin"]
[WhiteTeamCountry "SVK"]
[BlackTeamCountry "SVK"]

1. d4 Nf6 2. c4 e6 3. Nc3 d5 4. Bg5 Nbd7 5. e3 c6 6. Nf3 Be7 7. Qc2 h6 8. Bh4 a6 9. a3 0-0 10. Rd1 b5 11. c5 Nh7 12. Bg3 f5 13. Bd3 Nhf6 14. 0-0 Ne4 15. Ne5 Nxe5 16. Bxe5 Bf6 17. Ne2 Bxe5 18. dxe5 Qe7 19. b4 Bd7 20. f3 Ng5 21. Nd4 Qd8 22. f4 Ne4 23. Bxe4 fxe4 24. Qf2 Qe7 25. g4 g6 26. Qg3 Kh7 27. Rd2 Rg8 28. Nb3 Raf8 29. h4 h5 30. Rg2 hxg4 31. Qxg4 Rf5 32. Qh3 Rh8 33. Rg5 Kg7 34. Qg4 Be8 35. Nd4 Rxg5 36. fxg5 Bd7 37. Rf6 Re8 38. h5 Rf8 39. Rxg6+ Kh7 40. Rh6+ Kg7 41. Rf6 Kh8 42. Qh4 Rxf6 43. exf6 Qf8 44. Qf4 1-0

[Event "SVK-chT2B 2122"]
[Site "Slovakia"]
[Date "2022.04.30"]
[Round "10.2"]
[White "Krupa, Miroslav"]
[Black "Gulbis, Adrian"]
[Result "1-0"]
[WhiteElo "2162"]
[BlackElo "2093"]
[PlyCount "73"]
[EventDate "2021.10.16"]
[EventType "team-tourn"]
[EventRounds "11"]
[EventCountry "SVK"]
[SourceTitle "EXT 2023"]
[Source "ChessBase"]
[SourceDate "2022.10.05"]
[SourceVersion "1"]
[SourceVersionDate "2022.10.05"]
[SourceQuality "1"]
[WhiteTeam "Tlmace"]
[BlackTeam "Surany"]
[WhiteTeamCountry "SVK"]
[BlackTeamCountry "SVK"]

1. e4 e5 2. Nf3 Nc6 3. Bc4 Bc5 4. 0-0 d6 5. d3 Nf6 6. c3 Qe7 7. Re1 Bb6 8. h3 h6 9. d4 a6 10. b4 Bd7 11. a4 a5 12. b5 Na7 13. Ba3 0-0-0 14. dxe5 Ne8 15. exd6 cxd6 16. e5 Be6 17. Bxe6+ fxe6 18. Qb3 Qf7 19. exd6 Nxd6 20. Nbd2 e5 21. Qxf7 Nxf7 22. Nc4 Kc7 23. Nfxe5 Nxe5 24. Rxe5 Nc8 25. Bc5 Bxc5 26. Rxc5+ Kb8 27. Nxa5 Rd2 28. Nb3 Rb2 29. Nd4 Rf8 30. f3 Nb6 31. a5 Nd7 32. Rd5 Nf6 33. Re5 Rc8 34. a6 Rxc3 35. Re7 bxa6 36. Nc6+ Kc8 37. Rxa6 1-0

[Event "SVK-chT 2122"]
[Site "Slovakia"]
[Date "2022.03.12"]
[Round "5.7"]
[White "Gulbis, Adrian"]
[Black "Csonka, Attila Istvan"]
[Result "0-1"]
[WhiteElo "2095"]
[BlackElo "2361"]
[PlyCount "90"]
[EventDate "2021.10.23"]
[EventType "team-tourn"]
[EventRounds "11"]
[EventCountry "SVK"]
[SourceTitle "EXT 2023"]
[Source "ChessBase"]
[SourceDate "2022.10.05"]
[SourceVersion "1"]
[SourceVersionDate "2022.10.05"]
[SourceQuality "1"]
[WhiteTeam "Podhajska Aquamarin"]
[BlackTeam "Dunajska Streda"]
[WhiteTeamCountry "SVK"]
[BlackTeamCountry "SVK"]

1. d4 Nf6 2. c4 e6 3. Nf3 b6 4. Nc3 Bb7 5. Bg5 Bb4 6. Rc1 h6 7. Bh4 g5 8. Bg3 Ne4 9. e3 Bxc3+ 10. bxc3 d6 11. Bd3 Nd7 12. Bxe4 Bxe4 13. 0-0 0-0 14. Qe2 f5 15. Nd2 Bb7 16. f4 Nf6 17. Rce1 Ne4 18. Nxe4 Bxe4 19. Rd1 Qf6 20. Qd2 Rf7 21. Qf2 Kh7 22. fxg5 Qxg5 23. Rd2 Rg8 24. Qf4 Qe7 25. Qh4 Qe8 26. Qh5 Rg5 27. Qd1 Rfg7 28. Rff2 Qc6 29. Qb3 h5 30. Qb5 Qa8 31. c5 Bxg2 32. Rxg2 h4 33. c6 hxg3 34. hxg3 Rxg3 35. Rxg3 Rxg3+ 36. Rg2 Qg8 37. Qe2 Rxg2+ 38. Qxg2 Qxg2+ 39. Kxg2 Kg6 40. Kf3 e5 41. e4 Kg5 42. exf5 Kxf5 43. Ke3 d5 44. c4 Ke6 45. Kd3 dxc4+ 0-1

[Event "SVK-chT2B 2122"]
[Site "Slovakia"]
[Date "2022.03.06"]
[Round "6.2"]
[White "Gulbis, Adrian"]
[Black "Molnar, Erno"]
[Result "0-1"]
[WhiteElo "2093"]
[BlackElo "2210"]
[PlyCount "48"]
[EventDate "2021.10.16"]
[EventType "team-tourn"]
[EventRounds "11"]
[EventCountry "SVK"]
[SourceTitle "EXT 2023"]
[Source "ChessBase"]
[SourceDate "2022.10.05"]
[SourceVersion "1"]
[SourceVersionDate "2022.10.05"]
[SourceQuality "1"]
[WhiteTeam "Surany"]
[BlackTeam "Komarno II"]
[WhiteTeamCountry "SVK"]
[BlackTeamCountry "SVK"]

1. e4 e5 2. Bc4 Bc5 3. Nc3 Nf6 4. d3 c6 5. Bg5 d6 6. Nf3 Nbd7 7. 0-0 Bb6 8. Qe2 0-0 9. Rad1 Re8 10. h3 Nf8 11. d4 exd4 12. Nxd4 d5 13. Nf3 h6 14. Bxf6 Qxf6 15. e5 Qf4 16. Bd3 f6 17. Rde1 fxe5 18. Nxe5 Bxh3 19. Qh5 Be6 20. Ng6 Qf6 21. Ne2 Bf7 22. Nef4 Rxe1 23. Rxe1 Nxg6 24. Bxg6 Qxf4 0-1

[Event "SVK-chT2B 2122"]
[Site "Slovakia"]
[Date "2021.11.13"]
[Round "3.2"]
[White "Gulbis, Adrian"]
[Black "Foldesi, Marek"]
[Result "1-0"]
[WhiteElo "2093"]
[BlackElo "1918"]
[PlyCount "81"]
[EventDate "2021.10.16"]
[EventType "team-tourn"]
[EventRounds "11"]
[EventCountry "SVK"]
[SourceTitle "EXT 2023"]
[Source "ChessBase"]
[SourceDate "2022.10.05"]
[SourceVersion "1"]
[SourceVersionDate "2022.10.05"]
[SourceQuality "1"]
[WhiteTeam "Surany"]
[BlackTeam "Levice II"]
[WhiteTeamCountry "SVK"]
[BlackTeamCountry "SVK"]

1. d4 d5 2. c4 e6 3. Nc3 Nf6 4. Bg5 Be7 5. e3 0-0 6. Nf3 c6 7. a3 Nbd7 8. Rc1 Re8 9. h3 h6 10. Bf4 dxc4 11. Bxc4 Nd5 12. Bh2 a6 13. 0-0 Nxc3 14. Rxc3 b5 15. Ba2 Bb7 16. Ne5 Nxe5 17. Bxe5 b4 18. axb4 Bxb4 19. Rc1 a5 20. Qc2 Rc8 21. Bb1 g6 22. Qe2 c5 23. f4 Qh4 24. Kh2 cxd4 25. Bxd4 Qd8 26. Qg4 Qd5 27. Bxg6 Qxg2+ 28. Qxg2 Bxg2 29. Bxf7+ Kxf7 30. Kxg2 Bd6 31. Kf3 Rb8 32. Rc6 Ke7 33. Rg1 Kd7 34. Ra6 Rb5 35. Rg7+ Re7 36. Ra7+ Ke8 37. Raxe7+ Bxe7 38. Rg6 Rh5 39. Kg4 Rh4+ 40. Kg3 Kd7 41. Rg7 1-0

[Event "SVK-chT2B 2122"]
[Site "Slovakia"]
[Date "2021.10.17"]
[Round "2.2"]
[White "Gulbis, Adrian"]
[Black "Veres, Andrej"]
[Result "1/2-1/2"]
[WhiteElo "2090"]
[BlackElo "2201"]
[PlyCount "23"]
[EventDate "2021.10.16"]
[EventType "team-tourn"]
[EventRounds "11"]
[EventCountry "SVK"]
[SourceTitle "EXT 2023"]
[Source "ChessBase"]
[SourceDate "2022.10.05"]
[SourceVersion "1"]
[SourceVersionDate "2022.10.05"]
[SourceQuality "1"]
[WhiteTeam "Surany"]
[BlackTeam "Belusa"]
[WhiteTeamCountry "SVK"]
[BlackTeamCountry "SVK"]

1. d4 Nf6 2. c4 e6 3. Nf3 b6 4. Nc3 Bb7 5. Bg5 Be7 6. e3 0-0 7. Bd3 d5 8. 0-0 Nbd7 9. Rc1 c5 10. cxd5 Nxd5 11. Bxe7 Nxe7 12. dxc5 1/2-1/2

[Event "SVK-chT2B 1819"]
[Site "Slovakia"]
[Date "2019.04.07"]
[Round "11.2"]
[White "Beres, Dominik"]
[Black "Gulbis, Adrian"]
[Result "0-1"]
[WhiteElo "1995"]
[BlackElo "2094"]
[PlyCount "114"]
[EventDate "2018.10.13"]
[EventType "team-tourn"]
[EventRounds "11"]
[EventCountry "SVK"]
[SourceTitle "EXT 2020"]
[Source "ChessBase"]
[SourceDate "2019.10.17"]
[SourceVersion "1"]
[SourceVersionDate "2019.10.17"]
[SourceQuality "1"]
[WhiteTeam "Tlmace"]
[BlackTeam "Surany"]
[WhiteTeamCountry "SVK"]
[BlackTeamCountry "SVK"]

1. e4 e5 2. Nf3 Nc6 3. Bb5 f5 4. d3 fxe4 5. dxe4 Nf6 6. 0-0 Bc5 7. Bg5 d6 8. h3 0-0 9. Nc3 h6 10. Bh4 Be6 11. Nd2 Qd7 12. Bc4 Bxc4 13. Nxc4 g5 14. Bg3 Qf7 15. Ne3 Bxe3 16. fxe3 Qg6 17. Qd3 h5 18. Nd5 Nxd5 19. Qxd5+ Kg7 20. Rxf8 Rxf8 21. Rf1 Rxf1+ 22. Kxf1 Qf7+ 23. Qxf7+ Kxf7 24. Be1 Ne7 25. Ke2 Ng8 26. c4 Nf6 27. Kd3 Ke6 28. b4 Nd7 29. a3 a6 30. Ke2 c6 31. Kd3 b5 32. Bd2 Nb6 33. cxb5 cxb5 34. Bc1 h4 35. Ke2 Kf6 36. Kf3 Kg6 37. Kg4 Nc4 38. Kf3 Kh5 39. g3 hxg3 40. Kxg3 Nb6 41. Bb2 Nd7 42. Ba1 Nf6 43. Bb2 Nxe4+ 44. Kg2 Nd2 45. Bc1 Nb3 46. Bb2 e4 47. Kg3 Nd2 48. Bf6 Nc4 49. h4 gxh4+ 50. Bxh4 Nxe3 51. Bd8 Nc4 52. Kf4 d5 53. Be7 Kg6 54. Bh4 Kf7 55. Kf5 e3 56. Kf4 Ke6 57. Be1 Nxa3 0-1

[Event "SVK-chT2B 1819"]
[Site "Slovakia"]
[Date "2019.03.02"]
[Round "8.2"]
[White "Kutny, Marian"]
[Black "Gulbis, Adrian"]
[Result "0-1"]
[WhiteElo "1983"]
[BlackElo "2103"]
[PlyCount "120"]
[EventDate "2018.10.13"]
[EventType "team-tourn"]
[EventRounds "11"]
[EventCountry "SVK"]
[SourceTitle "CBM 189 Extra"]
[Source "ChessBase"]
[SourceDate "2019.06.03"]
[SourceVersion "1"]
[SourceVersionDate "2019.06.03"]
[SourceQuality "1"]
[WhiteTeam "Nemsova Horne Srnie"]
[BlackTeam "Surany"]
[WhiteTeamCountry "SVK"]
[BlackTeamCountry "SVK"]

1. d4 d5 2. c4 c6 3. cxd5 cxd5 4. Nf3 Nf6 5. Nc3 Nc6 6. Bf4 Bf5 7. e3 e6 8. Bd3 Bxd3 9. Qxd3 Bd6 10. Bxd6 Qxd6 11. 0-0 0-0 12. a3 Rfc8 13. Rac1 a6 14. Rfd1 b5 15. b4 h6 16. h3 Nd7 17. e4 Nb6 18. exd5 exd5 19. Re1 Re8 20. Rxe8+ Rxe8 21. Re1 Rxe1+ 22. Nxe1 Nc4 23. Nc2 g6 24. Qf3 Nb6 25. Qe3 Kg7 26. g3 Qf6 27. Qd3 Ne7 28. Ne3 Qf3 29. Qd1 Qxd1+ 30. Ncxd1 Nc4 31. Nc2 Kf6 32. Nc3 Nb6 33. Ne3 Ke6 34. Kg2 Nec8 35. Kf3 Nd6 36. Ke2 f5 37. Nc2 Ne4 38. Nxe4 dxe4 39. f3 Kd5 40. Ke3 Nc4+ 41. Ke2 exf3+ 42. Kxf3 g5 43. Ne3+ Nxe3 44. Kxe3 Kc4 45. h4 Kd5 46. hxg5 hxg5 47. Kd3 f4 48. g4 f3 49. Ke3 f2 50. Kxf2 Kxd4 51. Kf3 Kd3 52. Kf2 Ke4 53. Kg3 Ke3 54. Kg2 Kf4 55. Kh3 Kf3 56. Kh2 Kxg4 57. Kg2 Kf4 58. Kf2 Ke4 59. Kg3 Kd3 60. Kg4 Kc3 0-1

[Event "SVK-chT 1718"]
[Site "Slovakia"]
[Date "2017.12.09"]
[Round "5.4"]
[White "Gulbis, Adrian"]
[Black "Varga, Zoltan"]
[Result "0-1"]
[WhiteElo "2097"]
[BlackElo "2448"]
[PlyCount "112"]
[EventDate "2017.09.30"]
[EventType "team-tourn"]
[EventRounds "11"]
[EventCountry "SVK"]
[SourceTitle "EXT 2019"]
[Source "ChessBase"]
[SourceDate "2018.10.10"]
[SourceVersion "1"]
[SourceVersionDate "2018.10.10"]
[SourceQuality "1"]
[WhiteTeam "Podhajska Aquamarin"]
[BlackTeam "Dunajska Streda"]
[WhiteTeamCountry "SVK"]
[BlackTeamCountry "SVK"]

1. d4 d5 2. c4 dxc4 3. Nf3 c6 4. a4 Nf6 5. Nc3 Bf5 6. Ne5 e6 7. Nxc4 c5 8. dxc5 Qxd1+ 9. Nxd1 Bxc5 10. f3 Nc6 11. e4 Bg6 12. Be3 Nd7 13. Nc3 Nb4 14. 0-0-0 Bxe3+ 15. Nxe3 Nc5 16. Bc4 Ke7 17. Rd4 Nc6 18. Rd2 Rhc8 19. b3 Rd8 20. Rhd1 Rxd2 21. Rxd2 f6 22. Kb2 Bf7 23. Nb5 g5 24. Kc3 a5 25. Nd6 Rd8 26. Nxf7 Rxd2 27. Kxd2 Kxf7 28. Kc3 Ke7 29. Bb5 Ne5 30. Nc4 Nxc4 31. Kxc4 Kd6 32. b4 axb4 33. Kxb4 h5 34. Ka5 Kc7 35. Kb4 b6 36. a5 h4 37. Kc4 Nb7 38. a6 Nd6+ 39. Kb4 Kb8 40. Bd3 Ka7 41. g3 e5 42. gxh4 gxh4 43. Bf1 Nf7 44. Kb5 Ng5 45. Be2 Ne6 46. Bf1 Nd4+ 47. Kc4 Nxf3 48. Kd5 Nxh2 49. Be2 h3 50. Ke6 Ng4 51. Bxg4 h2 52. Bf3 b5 53. Kd5 Kxa6 54. Kc5 Ka5 55. Be2 Ka4 56. Bf3 b4 0-1

[Event "SVK-chT1W 1617"]
[Site "Slovakia"]
[Date "2017.03.19"]
[Round "11.7"]
[White "Kuna, Vladimir"]
[Black "Gulbis, Adrian"]
[Result "0-1"]
[WhiteElo "2023"]
[BlackElo "2122"]
[PlyCount "92"]
[EventDate "2016.10.15"]
[EventType "team-tourn"]
[EventRounds "11"]
[EventCountry "SVK"]
[SourceTitle "EXT 2019"]
[Source "ChessBase"]
[SourceDate "2018.10.10"]
[SourceVersion "1"]
[SourceVersionDate "2018.10.10"]
[SourceQuality "1"]
[WhiteTeam "Bratislava Slovan II"]
[BlackTeam "Podhajska Termal"]
[WhiteTeamCountry "SVK"]
[BlackTeamCountry "SVK"]

1. d4 d5 2. Nf3 Nf6 3. c4 c6 4. Nc3 e6 5. Bg5 dxc4 6. e3 b5 7. a4 Bb4 8. axb5 cxb5 9. Be2 Bb7 10. 0-0 Bxc3 11. bxc3 a6 12. Ne5 Nbd7 13. Bf3 Qc8 14. Nxd7 Qxd7 15. Bxf6 gxf6 16. Qe2 Bxf3 17. Qxf3 Ke7 18. Rfd1 Qd5 19. e4 Qg5 20. e5 fxe5 21. h4 e4 22. Qxe4 Qd5 23. Qf4 Rhg8 24. g3 Rg6 25. Rdc1 Rf6 26. Qc7+ Kf8 27. Rxa6 Rxa6 28. Qc8+ Kg7 29. Qxa6 Qf3 30. Rf1 Qxc3 31. Qxb5 Qxd4 32. h5 h6 33. Qa4 Rf5 34. Qc2 Qd3 35. Qc1 Rxh5 36. Kg2 Qe4+ 37. f3 Qe2+ 38. Rf2 Rh2+ 39. Kxh2 Qxf2+ 40. Kh3 Qd4 41. f4 c3 42. Qc2 h5 43. Qe2 Qd5 44. Qe1 Qf5+ 45. Kg2 Qc5 46. f5 c2 0-1

[Event "SVK-chT2B 1617"]
[Site "Slovakia"]
[Date "2017.02.12"]
[Round "9.2"]
[White "Gulbis, Adrian"]
[Black "Dobrotka, Martin"]
[Result "0-1"]
[WhiteElo "2119"]
[BlackElo "2128"]
[PlyCount "114"]
[EventDate "2016.10.08"]
[EventType "team-tourn"]
[EventRounds "11"]
[EventCountry "SVK"]
[SourceTitle "EXT 2018"]
[Source "ChessBase"]
[SourceDate "2017.10.13"]
[SourceVersion "1"]
[SourceVersionDate "2017.10.13"]
[SourceQuality "1"]
[WhiteTeam "Surany Lokomotiva"]
[BlackTeam "Prievidza II"]
[WhiteTeamCountry "SVK"]
[BlackTeamCountry "SVK"]

1. d4 d6 2. e4 g6 3. c4 Bg7 4. Nc3 Nf6 5. f3 e5 6. d5 0-0 7. Be3 Nh5 8. g4 Nf4 9. h4 Qe7 10. Qd2 f5 11. gxf5 gxf5 12. 0-0-0 Kh8 13. Rh2 Na6 14. Nh3 Nxh3 15. Bxh3 f4 16. Bf2 Bxh3 17. Rxh3 Bf6 18. Rg1 Rg8 19. Qd1 Rxg1 20. Qxg1 Rg8 21. Qf1 c5 22. Rh2 Qd7 23. Rg2 Rxg2 24. Qxg2 Nc7 25. Qg4 Qxg4 26. fxg4 a6 27. Kd2 Bd8 28. Ke2 Kg7 29. Kf3 Kg6 30. Be1 Ne8 31. Ne2 Nf6 32. g5 Nh5 33. Kg4 h6 34. gxh6 Nf6+ 35. Kf3 Kxh6 36. Nxf4 exf4 37. Kxf4 Nh5+ 38. Kf5 Ng7+ 39. Kg4 Bf6 40. Bg3 Ne8 41. Kf5 Bxb2 42. Ke6 b5 43. cxb5 axb5 44. Ke7 Nf6 45. e5 Ne4 46. Bf4+ Kg6 47. exd6 Kf5 48. Be3 c4 49. d7 Bf6+ 50. Kf8 Bxh4 51. Bd4 b4 52. Ke8 Nd6+ 53. Kf8 c3 54. Kg7 c2 55. Bb2 Ke4 56. Bf6 Bxf6+ 57. Kxf6 Nb7 0-1

[Event "SVK-chT2B 1617"]
[Site "Slovakia"]
[Date "2017.01.21"]
[Round "7.2"]
[White "Gulbis, Adrian"]
[Black "Molnar, Erno"]
[Result "0-1"]
[WhiteElo "2119"]
[BlackElo "2148"]
[PlyCount "70"]
[EventDate "2016.10.08"]
[EventType "team-tourn"]
[EventRounds "11"]
[EventCountry "SVK"]
[SourceTitle "EXT 2018"]
[Source "ChessBase"]
[SourceDate "2017.10.13"]
[SourceVersion "1"]
[SourceVersionDate "2017.10.13"]
[SourceQuality "1"]
[WhiteTeam "Surany Lokomotiva"]
[BlackTeam "Komarno"]
[WhiteTeamCountry "SVK"]
[BlackTeamCountry "SVK"]

1. d4 Nf6 2. c4 g6 3. Nc3 d5 4. cxd5 Nxd5 5. e4 Nxc3 6. bxc3 Bg7 7. Bb5+ c6 8. Ba4 0-0 9. Ne2 c5 10. 0-0 Bg4 11. f3 Be6 12. d5 Bd7 13. Rb1 b6 14. c4 e5 15. Be3 Na6 16. Nc3 Nc7 17. Bxd7 Qxd7 18. Qa4 Qxa4 19. Nxa4 Ne8 20. Nxb6 axb6 21. Rxb6 Nf6 22. Bxc5 Rfc8 23. Be7 Nd7 24. Rb7 Nc5 25. Rb5 Bh6 26. Rd1 Be3+ 27. Kf1 Rxa2 28. Bxc5 Bxc5 29. d6 Bd4 30. c5 Rc2 31. f4 f6 32. fxe5 fxe5 33. Rxd4 exd4 34. e5 Ra8 35. Rb1 Kf7 0-1

[Event "SVK-chT1W 1617"]
[Site "Slovakia"]
[Date "2016.12.11"]
[Round "6.6"]
[White "Gulbis, Adrian"]
[Black "Dlhy, Jozef"]
[Result "1-0"]
[WhiteElo "2122"]
[BlackElo "2073"]
[PlyCount "61"]
[EventDate "2016.10.15"]
[EventType "team-tourn"]
[EventRounds "11"]
[EventCountry "SVK"]
[SourceTitle "EXT 2018"]
[Source "ChessBase"]
[SourceDate "2017.10.13"]
[SourceVersion "1"]
[SourceVersionDate "2017.10.13"]
[SourceQuality "1"]
[WhiteTeam "Podhajska Termal"]
[BlackTeam "Nitra NSK"]
[WhiteTeamCountry "SVK"]
[BlackTeamCountry "SVK"]

1. d4 Nf6 2. c4 g6 3. Nc3 d5 4. cxd5 Nxd5 5. e4 Nxc3 6. bxc3 Bg7 7. Bb5+ c6 8. Ba4 0-0 9. Ne2 b5 10. Bb3 Nd7 11. Be3 Bb7 12. 0-0 a6 13. Qd2 e5 14. Rad1 Qe7 15. Ng3 Rad8 16. f4 Nc5 17. Bc2 exd4 18. cxd4 Ne6 19. Qf2 Nc7 20. Bb3 Qh4 21. f5 Rd7 22. f6 Bh6 23. Bxh6 Qxh6 24. Qe2 Rfd8 25. e5 Rxd4 26. e6 fxe6 27. Bxe6+ Kh8 28. Rxd4 Rxd4 29. f7 Nxe6 30. Qe5+ Qg7 31. f8Q+ 1-0